ბათუმის შოთა რუსთაველის სახელმწიფო უნივერსიტეტის ბიბლიოთეკა

ჩანაწერი Personal Name

ჩანაწერთა რაოდენობა, რომელიც გამოყენებულია: 1

001 - CONTROL NUMBER

  • control field: 17242

003 - CONTROL NUMBER IDENTIFIER

  • control field: GE_BSU

005 - DATE AND TIME OF LATEST TRANSACTION

  • control field: 20230324101601.0

008 - FIXED-LENGTH DATA ELEMENTS

  • fixed length control field: 230324|| aca||aabn | a|a d

040 ## - CATALOGING SOURCE

  • Original cataloging agency: GE_BSU
  • Transcribing agency: GE_BSU

100 ## - HEADING--PERSONAL NAME

  • Personal name: Ligonie, Christine
  • Relator term: Edition

670 ## - SOURCE DATA FOUND

  • Source citation: Work cat.: (GE_BSU)55446: Grand-Clement, Odile 17241, Grammaire en Dialogues A1 ( + CD)- Niveau grand debutant /